000
00308nam a2200097Ia 4500
008
241105s9999 xx 000 0 und d
041
_a
eng
100
_a
Karkhanis Niha
_9
182279
245
_a
Solar Shading For Low Energy Use And Daylight Quality In Offices In Pune.
260
_b
M.Arch Environmental, Pune
_c
2012
999
_c
360566
_d
360566